000 01104nam a2200337 c 4500
999 _c161658
_d161658
003 BLK
005 20250123100030.0
008 180410b bul|||||r ||||||| ||bul||
010 _aKNG00168988000
040 _aBLK
041 _aBUL
_cBUL
072 7 _2bullib
_aК
_xКраезнание
080 _aБългарска литература
_b821.163.2
_x-2
_z821.163.2-2
139 _aТончев, Д.
_bТ 73
245 1 0 _aЖиви картини и сценки
_bЗа детски вечеринки и утра
_cсъстав. Д. Тончев.
257 _aBGR
260 _c1930
_fРусе : печ. Роглев
300 _a80 с.
_c18.5 см
380 _aX
500 _a1000 тир.
659 _aК
700 1 _aТончев, Д.
_eсъстав.
_9381744
852 _aЦб х.150.48189
852 _aК 821.163.2/Т 73 Д
856 4 _qpdf
856 4 _qpdf
942 _cKNG
_n0
_s1
_01
944 _aCR
_c18.12.2014
_lВаля Йорданова
_k30558
944 _aED
_c18.12.2014
_l18.12.2014 - от С1,Р / 18.12.2014
999 _d161658